[Event "Olympiad-44"]
[Site "Chennai"]
[Date "2022.08.05"]
[Round "7.3"]
[White "Edwards, Emar"]
[Black "Karelina, Polina"]
[Result "1-0"]
[WhiteElo "1695"]
[BlackElo "1835"]
[PlyCount "97"]
[EventDate "2022.07.29"]
[EventType "team-swiss"]
[EventRounds "11"]
[EventCountry "IND"]
[SourceTitle "CBM 210"]
[Source "ChessBase"]
[SourceDate "2022.10.31"]
[SourceVersion "1"]
[SourceVersionDate "2022.10.31"]
[SourceQuality "1"]
[WhiteTeam "Barbados"]
[BlackTeam "Bahamas"]
[WhiteTeamCountry "BAR"]
[BlackTeamCountry "BAH"]

1. e4 d6 2. d4 Nf6 3. Nc3 c6 4. f4 Qa5 5. Bd3 e5 6. dxe5 dxe5 7. Nf3 Nbd7 8. 0-0 Bd6 9. f5 h6 10. Kh1 Nf8 11. Qe2 N8h7 12. Bd2 Qc7 13. Rad1 Bd7 14. Bc4 b5 15. Bb3 a5 16. a4 b4 17. Nb1 c5 18. Bc1 Bc6 19. Nbd2 0-0 20. Nc4 Nxe4 21. Nxd6 Nxd6 22. Qxe5 Bxf3 23. Rxf3 Rfe8 24. Qg3 c4 25. Bxh6 f6 26. Bxc4+ Kh8 27. Bxg7+ Qxg7 28. Qxg7+ Kxg7 29. Rxd6 Ng5 30. Rd7+ Kf8 31. Rf1 Rac8 32. b3 Re5 33. Kg1 Ne4 34. Re1 Rcc5 35. Bd3 Nc3 36. Rxe5 Rxe5 37. h4 Nd1 38. Bc4 Re1+ 39. Kh2 Ne3 40. Bd3 Rd1 41. Bb5 Rxd7 42. Bxd7 Nxc2 43. g4 Nd4 44. Be6 Kg7 45. Kg3 Ne2+ 46. Kf3 Ng1+ 47. Ke3 Kh6 48. Bd5 Kg7 49. Bg2 1-0

[Event "Online Olym Div3 E"]
[Site "Chess.com INT"]
[Date "2021.08.28"]
[Round "6.4"]
[White "Handjaba, Mclean"]
[Black "Edwards, Emar"]
[Result "0-1"]
[WhiteElo "1909"]
[BlackElo "1702"]
[PlyCount "68"]
[EventDate "2021.08.27"]
[EventType "team-tourn (rapid)"]
[EventRounds "9"]
[EventCountry "USA"]
[SourceTitle "CBM 204 Extra"]
[Source "ChessBase"]
[SourceDate "2021.11.30"]
[SourceVersion "1"]
[SourceVersionDate "2021.11.30"]
[SourceQuality "1"]
[WhiteTeam "Namibia"]
[BlackTeam "Barbados"]
[WhiteTeamCountry "NAM"]
[BlackTeamCountry "BAR"]

1. d4 d5 2. Nf3 c6 3. c4 e6 4. g3 Nf6 5. Bg2 dxc4 6. 0-0 b5 7. Ne5 Bb7 8. a4 a6 9. b3 cxb3 10. axb5 axb5 11. Rxa8 Bxa8 12. Nc3 Qb6 13. Qxb3 Be7 14. Nxb5 0-0 15. Qa4 cxb5 16. Qxa8 Qxd4 17. Nc6 Nxc6 18. Qxc6 b4 19. Be3 Qd8 20. Rb1 Qc8 21. Qb5 Rd8 22. h3 Nd5 23. Rc1 Nc3 24. Bb7 Qb8 25. Qa6 Nxe2+ 26. Qxe2 Qxb7 27. Rb1 h6 28. Qc4 Qd5 29. Qc2 Qd3 30. Qb2 Rc8 31. h4 Qc2 32. Qa1 Bf6 33. Rc1 Bxa1 34. Rxc2 Rxc2 0-1